[Event "Kandidatklassen"]
[Site "?"]
[Date "2018.03.30"]
[Round "4.1"]
[White "Jørgen Jørgensen (2226), Brian"]
[Black "Haarmark Nielsen (2308), Viktor"]
[Result "1-0"]
[BlackElo "2308"]
[WhiteElo "2228"]
[LiveChessVersion "1.4.8"]

1. d4 {[%clk 1:30:57]} d5 {[%clk 1:30:48]} 2. Bf4 {[%clk 1:31:19]} Nf6
{[%clk 1:31:04]} 3. e3 {[%clk 1:31:44]} g6 {[%clk 1:31:26]} 4. Nf3
{[%clk 1:32:01]} Bg7 {[%clk 1:31:47]} 5. Be2 {[%clk 1:32:15]} O-O
{[%clk 1:31:55]} 6. h3 {[%clk 1:32:17]} c5 {[%clk 1:31:51]} 7. c3
{[%clk 1:32:40]} b6 {[%clk 1:32:14]} 8. a4 {[%clk 1:30:58]} Nc6 {[%clk 1:31:41]}
9. O-O {[%clk 1:31:09]} Bb7 {[%clk 1:31:56]} 10. Nbd2 {[%clk 1:23:13]} Nd7
{[%clk 1:31:12]} 11. Qb3 {[%clk 1:19:48]} Na5 {[%clk 1:14:15]} 12. Qc2
{[%clk 1:18:05]} Rc8 {[%clk 1:13:21]} 13. Rfd1 {[%clk 1:10:02]} Nc6
{[%clk 1:07:55]} 14. Qb3 {[%clk 1:00:57]} Na5 {[%clk 1:08:02]} 15. Qa2
{[%clk 1:01:13]} c4 {[%clk 1:07:50]} 16. b3 {[%clk 0:48:11]} cxb3
{[%clk 1:03:13]} 17. Nxb3 {[%clk 0:48:35]} Nc4 {[%clk 1:03:00]} 18. Rac1
{[%clk 0:45:38]} Qe8 {[%clk 0:54:30]} 19. Nbd2 {[%clk 0:41:41]} Nxd2
{[%clk 0:54:14]} 20. Qxd2 {[%clk 0:39:56]} e5 {[%clk 0:51:39]} 21. Bh2
{[%clk 0:38:34]} e4 {[%clk 0:40:31]} 22. Ne1 {[%clk 0:37:03]} f5 {[%clk 0:40:01]}
23. c4 {[%clk 0:36:56]} Nf6 {[%clk 0:33:41]} 24. a5 {[%clk 0:36:54]} Ba6
{[%clk 0:22:26]} 25. axb6 {[%clk 0:36:23]} axb6 {[%clk 0:22:49]} 26. c5
{[%clk 0:31:51]} Bxe2 {[%clk 0:21:48]} 27. Qxe2 {[%clk 0:32:17]} bxc5
{[%clk 0:21:16]} 28. dxc5 {[%clk 0:32:39]} Qc6 {[%clk 0:17:10]} 29. Bd6
{[%clk 0:32:24]} Rfd8 {[%clk 0:15:18]} 30. Nc2 {[%clk 0:32:20]} Ne8
{[%clk 0:14:13]} 31. Nb4 {[%clk 0:30:52]} Qa8 {[%clk 0:14:15]} 32. Nxd5
{[%clk 0:29:09]} Rxd6 {[%clk 0:09:59]} 33. Ne7+ {[%clk 0:22:48]} Kf7
{[%clk 0:10:22]} 34. Nxc8 {[%clk 0:20:48]} Rxd1+ {[%clk 0:10:35]} 35. Rxd1
{[%clk 0:20:16]} Qxc8 {[%clk 0:10:56]} 36. Qb5 {[%clk 0:19:28]} Ke7
{[%clk 0:08:11]} 37. c6 {[%clk 0:16:42]} Nd6 {[%clk 0:07:19]} 38. Qc5
{[%clk 0:16:01]} Qc7 {[%clk 0:07:42]} 39. Rb1 {[%clk 0:16:11]} Ke6
{[%clk 0:06:42]} 40. Rd1 {[%clk 0:09:45]} h5 {[%clk 0:00:50]} 41. h4
{[%clk 0:07:00]} Be5 {[%clk 0:24:41]} 42. g3 {[%clk 0:37:04]} Qe7
{[%clk 0:15:08]} 43. Rd5 {[%clk 0:29:44]} Nf7 {[%clk 0:10:42]} 44. Qa5
{[%clk 0:22:52]} Bd6 {[%clk 0:09:19]} 45. Rb5 {[%clk 0:10:40]} Nd8
{[%clk 0:07:47]} 46. Qd2 {[%clk 0:05:31]} Qc7 {[%clk 0:07:00]} 47. Qd5+
{[%clk 0:05:30]} Ke7 {[%clk 0:04:01]} 48. Ra5 {[%clk 0:05:18]} Nxc6
{[%clk 0:02:49]} 49. Ra8 {[%clk 0:05:20]} Nb8 {[%clk 0:01:52]} 50. Kg2
{[%clk 0:05:19]} Kf6 {[%clk 0:02:00]} 51. Qd4+ {[%clk 0:05:21]} Be5
{[%clk 0:02:16]} 52. Qb4 {[%clk 0:05:32]} Qd6 {[%clk 0:01:52]} 53. Qb5
{[%clk 0:05:30]} Kg7 {[%clk 0:01:42]} 54. Ra7+ {[%clk 0:05:34]} Kf6
{[%clk 0:00:56]} 55. Qe8 {[%clk 0:05:40]} Qd5 {[%clk 0:00:48]} 56. Qe7# 1-0

[Event "Kandidatklassen"]
[Site "?"]
[Date "2018.03.30"]
[Round "4.2"]
[White "Manosri Jacobsen (2154), FM Mikkel"]
[Black "Valentin Rostgaard (2288), FM Tobias"]
[Result "1/2-1/2"]
[BlackElo "2288"]
[WhiteElo "2154"]
[LiveChessVersion "1.4.8"]

1. d4 {[%clk 1:30:56]} Nf6 {[%clk 1:30:53]} 2. Nf3 {[%clk 1:31:19]} g6
{[%clk 1:31:10]} 3. c4 {[%clk 1:31:11]} Bg7 {[%clk 1:31:32]} 4. Nc3
{[%clk 1:31:37]} d6 {[%clk 1:31:55]} 5. Bg5 {[%clk 1:32:00]} h6 {[%clk 1:31:59]}
6. Bh4 {[%clk 1:32:25]} g5 {[%clk 1:32:21]} 7. Bg3 {[%clk 1:32:51]} Nh5
{[%clk 1:32:36]} 8. e3 {[%clk 1:32:54]} c5 {[%clk 1:32:37]} 9. d5
{[%clk 1:31:05]} Qa5 {[%clk 1:32:25]} 10. Qc2 {[%clk 1:29:38]} Nd7
{[%clk 1:32:23]} 11. Nd2 {[%clk 1:27:34]} Nxg3 {[%clk 1:31:07]} 12. hxg3
{[%clk 1:27:57]} Ne5 {[%clk 1:31:00]} 13. Rb1 {[%clk 1:21:08]} Bd7
{[%clk 1:29:33]} 14. Be2 {[%clk 1:20:03]} a6 {[%clk 1:28:49]} 15. f4
{[%clk 1:11:01]} gxf4 {[%clk 1:28:13]} 16. gxf4 {[%clk 1:10:21]} Ng4
{[%clk 1:27:50]} 17. Rh3 {[%clk 1:03:56]} b5 {[%clk 1:23:02]} 18. Bd3
{[%clk 0:33:04]} b4 {[%clk 1:00:48]} 19. Ne2 {[%clk 0:29:06]} Qxa2
{[%clk 0:52:55]} 20. Nb3 {[%clk 0:28:56]} Ba4 {[%clk 0:53:09]} 21. Nec1
{[%clk 0:29:20]} Bxb3 {[%clk 0:53:25]} 22. Nxb3 {[%clk 0:29:44]} h5
{[%clk 0:48:28]} 23. Be2 {[%clk 0:22:42]} Qa4 {[%clk 0:44:22]} 24. Bxg4
{[%clk 0:19:38]} hxg4 {[%clk 0:44:42]} 25. Rxh8+ {[%clk 0:20:04]} Bxh8
{[%clk 0:44:59]} 26. Ra1 {[%clk 0:20:30]} Qd7 {[%clk 0:44:32]} 27. Qh7
{[%clk 0:20:24]} O-O-O {[%clk 0:43:58]} 28. Rxa6 {[%clk 0:19:58]} Kb7
{[%clk 0:32:36]} 29. Ra5 {[%clk 0:19:27]} Bxb2 {[%clk 0:29:18]} 30. Rb5+
{[%clk 0:09:37]} Kc8 {[%clk 0:22:57]} 31. Qc2 {[%clk 0:08:30]} Bc3+
{[%clk 0:14:28]} 32. Kf1 {[%clk 0:07:55]} e6 {[%clk 0:06:40]} 33. Nxc5
{[%clk 0:05:06]} Qa7 {[%clk 0:04:06]} 34. Qa4 {[%clk 0:03:04]} Qxa4
{[%clk 0:03:31]} 35. Nxa4 {[%clk 0:03:31]} Rh8 {[%clk 0:02:38]} 36. Ke2
{[%clk 0:01:00]} Rh2 {[%clk 0:02:02]} 37. Nxc3 {[%clk 0:01:07]} Rxg2+
{[%clk 0:01:35]} 38. Kd3 {[%clk 0:01:30]} bxc3 {[%clk 0:01:45]} 39. dxe6
{[%clk 0:01:32]} fxe6 {[%clk 0:00:55]} 40. Kxc3 {[%clk 0:01:54]} g3
{[%clk 0:00:44]} 41. Rg5 {[%clk 0:01:23]} Kd7 {[%clk 0:00:52]} 42. Kd3
{[%clk 0:00:51]} Ke7 {[%clk 0:22:56]} 43. Ke4 1/2-1/2

[Event "Kandidatklassen"]
[Site "?"]
[Date "2018.03.30"]
[Round "4.3"]
[White "Aabling-Thomsen (2358), IM Jakob"]
[Black "Jaksland (2210), FM Tim"]
[Result "1-0"]
[BlackElo "2210"]
[WhiteElo "2358"]
[LiveChessVersion "1.4.8"]

1. d4 {[%clk 1:30:57]} Nf6 {[%clk 1:30:24]} 2. Nf3 {[%clk 1:31:16]} g6
{[%clk 1:30:20]} 3. Nc3 {[%clk 1:31:37]} d5 {[%clk 1:24:07]} 4. Bf4
{[%clk 1:31:59]} c6 {[%clk 1:23:05]} 5. e3 {[%clk 1:32:21]} Bg7 {[%clk 1:22:51]}
6. Be2 {[%clk 1:30:55]} O-O {[%clk 1:22:15]} 7. h3 {[%clk 1:30:45]} Nbd7
{[%clk 1:20:52]} 8. O-O {[%clk 1:30:32]} Re8 {[%clk 1:17:16]} 9. Bh2
{[%clk 1:24:30]} b5 {[%clk 1:02:35]} 10. a4 {[%clk 1:14:35]} b4 {[%clk 0:59:48]}
11. Na2 {[%clk 1:11:12]} a5 {[%clk 0:59:40]} 12. c3 {[%clk 1:11:35]} bxc3
{[%clk 0:58:48]} 13. Nxc3 {[%clk 1:11:59]} Qb6 {[%clk 0:50:14]} 14. Ra3
{[%clk 1:08:35]} Ba6 {[%clk 0:48:36]} 15. Rb3 {[%clk 1:08:31]} Bxe2
{[%clk 0:48:21]} 16. Nxe2 {[%clk 1:08:55]} Qa6 {[%clk 0:48:32]} 17. Nc3
{[%clk 1:06:44]} Rec8 {[%clk 0:44:23]} 18. Re1 {[%clk 1:05:39]} e6
{[%clk 0:41:37]} 19. Re2 {[%clk 1:01:24]} Bf8 {[%clk 0:39:39]} 20. e4
{[%clk 0:59:37]} Bb4 {[%clk 0:28:35]} 21. e5 {[%clk 0:53:22]} Ne8
{[%clk 0:27:42]} 22. Bf4 {[%clk 0:49:46]} Bf8 {[%clk 0:27:05]} 23. h4
{[%clk 0:49:19]} Rab8 {[%clk 0:26:09]} 24. h5 {[%clk 0:47:55]} Rb4
{[%clk 0:22:14]} 25. hxg6 {[%clk 0:46:09]} hxg6 {[%clk 0:22:38]} 26. Ng5
{[%clk 0:41:09]} Qb7 {[%clk 0:11:47]} 27. Rxb4 {[%clk 0:40:57]} axb4
{[%clk 0:12:11]} 28. Nb1 {[%clk 0:36:59]} c5 {[%clk 0:12:28]} 29. Nd2
{[%clk 0:31:02]} Bg7 {[%clk 0:12:32]} 30. Ndf3 {[%clk 0:30:39]} c4
{[%clk 0:11:27]} 31. Ne1 {[%clk 0:24:43]} Nf8 {[%clk 0:07:43]} 32. Re3
{[%clk 0:24:47]} b3 {[%clk 0:06:32]} 33. Rf3 {[%clk 0:23:03]} Qa7
{[%clk 0:04:42]} 34. a5 {[%clk 0:22:07]} Rc7 {[%clk 0:05:06]} 35. Qd2
{[%clk 0:22:05]} Rd7 {[%clk 0:04:17]} 36. Rh3 {[%clk 0:18:34]} f6
{[%clk 0:01:46]} 37. exf6 {[%clk 0:17:15]} Nxf6 {[%clk 0:02:10]} 38. Nef3
{[%clk 0:16:18]} Ne4 {[%clk 0:02:25]} 39. Nxe4 {[%clk 0:10:11]} dxe4
{[%clk 0:02:49]} 40. Ne5 {[%clk 0:10:36]} Rxd4 {[%clk 0:01:43]} 41. Qe2
{[%clk 0:02:40]} Qxa5 {[%clk 0:14:19]} 42. Nxc4 {[%clk 0:25:59]} Qb5
{[%clk 0:09:16]} 43. Rc3 {[%clk 0:26:19]} e3 {[%clk 0:04:26]} 44. Bxe3
{[%clk 0:23:23]} Re4 {[%clk 0:04:50]} 45. Rc1 {[%clk 0:20:36]} Bxb2
{[%clk 0:02:46]} 46. Qxb2 {[%clk 0:19:59]} Rxc4 {[%clk 0:03:14]} 47. Rxc4
{[%clk 0:15:43]} Qxc4 {[%clk 0:03:39]} 48. Bh6 {[%clk 0:16:10]} e5
{[%clk 0:02:41]} 49. Qxe5 {[%clk 0:16:31]} Qf7 {[%clk 0:02:50]} 50. Qb8
{[%clk 0:16:17]} Kh7 {[%clk 0:02:02]} 51. Bxf8 {[%clk 0:16:01]} b2
{[%clk 0:01:26]} 52. Ba3 {[%clk 0:13:15]} g5 {[%clk 0:00:47]} 53. Bxb2
{[%clk 0:13:17]} Qd5 {[%clk 0:00:51]} 54. Qc7+ {[%clk 0:13:07]} 1-0

[Event "Kandidatklassen"]
[Site "?"]
[Date "2018.03.30"]
[Round "4.5"]
[White "Moe (2226), FM Mogens"]
[Black "Rossen (2176), Claus"]
[Result "0-1"]
[BlackElo "2176"]
[WhiteElo "2228"]
[LiveChessVersion "1.4.8"]

1. e4 {[%clk 1:30:55]} d6 {[%clk 1:30:57]} 2. d4 {[%clk 1:31:12]} Nf6
{[%clk 1:31:23]} 3. Nc3 {[%clk 1:31:32]} g6 {[%clk 1:31:49]} 4. f4
{[%clk 1:31:45]} Bg7 {[%clk 1:32:14]} 5. Nf3 {[%clk 1:31:30]} O-O
{[%clk 1:32:37]} 6. Bc4 {[%clk 1:22:41]} c5 {[%clk 1:27:08]} 7. e5
{[%clk 1:12:50]} Nfd7 {[%clk 1:26:09]} 8. e6 {[%clk 1:10:41]} Nb6
{[%clk 1:19:17]} 9. exf7+ {[%clk 1:10:51]} Kh8 {[%clk 1:19:45]} 10. Be2
{[%clk 1:11:03]} cxd4 {[%clk 1:14:36]} 11. Nxd4 {[%clk 1:11:08]} Nc6
{[%clk 1:13:53]} 12. Nf3 {[%clk 1:06:03]} Rxf7 {[%clk 1:13:05]} 13. O-O
{[%clk 1:06:17]} Rf8 {[%clk 1:07:52]} 14. a4 {[%clk 1:03:26]} Be6
{[%clk 1:07:28]} 15. Ng5 {[%clk 0:58:00]} Bg8 {[%clk 1:07:06]} 16. Bg4
{[%clk 0:57:59]} Nc4 {[%clk 1:02:58]} 17. Be6 {[%clk 0:50:17]} Nxb2
{[%clk 0:52:27]} 18. Qd2 {[%clk 0:43:37]} Nc4 {[%clk 0:33:54]} 19. Qd3
{[%clk 0:37:51]} Qb6+ {[%clk 0:28:19]} 20. Kh1 {[%clk 0:38:07]} Qd4
{[%clk 0:28:11]} 21. Bxg8 {[%clk 0:37:10]} Qxd3 {[%clk 0:22:29]} 22. cxd3
{[%clk 0:37:29]} Bxc3 {[%clk 0:22:57]} 23. Rb1 {[%clk 0:37:10]} Kxg8
{[%clk 0:19:53]} 24. dxc4 {[%clk 0:37:30]} b6 {[%clk 0:19:22]} 25. Rf3
{[%clk 0:31:16]} Bf6 {[%clk 0:18:18]} 26. Ne4 {[%clk 0:30:26]} Bg7
{[%clk 0:17:06]} 27. Bd2 {[%clk 0:27:26]} Rac8 {[%clk 0:16:24]} 28. Rc1
{[%clk 0:22:05]} Nd4 {[%clk 0:15:29]} 29. Ra3 {[%clk 0:14:09]} Ne2
{[%clk 0:14:25]} 30. Re1 {[%clk 0:10:44]} Nxf4 {[%clk 0:12:55]} 31. g3
{[%clk 0:11:07]} Ne6 {[%clk 0:11:22]} 32. Nxd6 {[%clk 0:11:02]} exd6
{[%clk 0:11:48]} 33. Rxe6 {[%clk 0:11:24]} Be5 {[%clk 0:06:07]} 34. Bh6
{[%clk 0:09:12]} Rf5 {[%clk 0:02:53]} 35. Re7 Rxc4 {[%clk 0:02:53]} 36. a5
{[%clk 0:06:36]} Rc2 {[%clk 0:01:47]} 37. Kg1 {[%clk 0:06:51]} Bd4+
{[%clk 0:01:30]} 38. Be3 {[%clk 0:07:12]} Bxe3+ {[%clk 0:01:41]} 39. Rexe3
{[%clk 0:06:49]} Rxa5 {[%clk 0:01:27]} 40. Rxa5 {[%clk 0:06:50]} bxa5
{[%clk 0:01:55]} 41. Rd3 {[%clk 0:05:26]} a4 {[%clk 0:00:58]} 42. Rxd6
{[%clk 0:04:56]} a3 {[%clk 0:01:17]} 43. Rd1 {[%clk 0:04:10]} a2 {[%clk 0:01:34]}
44. h4 {[%clk 0:04:29]} Rb2 {[%clk 0:02:00]} 0-1

[Event "Kandidatklassen"]
[Site "?"]
[Date "2018.03.30"]
[Round "4.6"]
[White "Abildlund Brorsen (2145), Jacob"]
[Black "Miqueu (2159), Jean-Phillipe"]
[Result "0-1"]
[BlackElo "2159"]
[WhiteElo "2145"]
[LiveChessVersion "1.4.8"]

1. e4 {[%clk 1:30:57]} e5 {[%clk 1:30:49]} 2. Nf3 {[%clk 1:31:20]} Nc6
{[%clk 1:31:12]} 3. Bb5 {[%clk 1:31:36]} a6 {[%clk 1:31:30]} 4. Ba4
{[%clk 1:32:00]} Nf6 {[%clk 1:31:52]} 5. O-O {[%clk 1:31:27]} Be7
{[%clk 1:32:13]} 6. d3 {[%clk 1:31:51]} b5 {[%clk 1:30:36]} 7. Bb3
{[%clk 1:32:14]} d6 {[%clk 1:30:38]} 8. a4 {[%clk 1:32:37]} Bd7 {[%clk 1:26:27]}
9. c3 {[%clk 1:31:58]} O-O {[%clk 1:25:31]} 10. Nbd2 {[%clk 1:31:21]} Na5
{[%clk 1:20:25]} 11. Bc2 {[%clk 1:30:11]} c5 {[%clk 1:20:34]} 12. Re1
{[%clk 1:30:14]} Re8 {[%clk 1:00:43]} 13. h3 {[%clk 1:27:02]} Bf8
{[%clk 0:56:14]} 14. Nf1 {[%clk 1:24:39]} g6 {[%clk 0:54:31]} 15. N3h2
{[%clk 1:17:39]} Bg7 {[%clk 0:49:39]} 16. Ng4 {[%clk 1:16:45]} Nxg4
{[%clk 0:35:32]} 17. hxg4 {[%clk 1:17:10]} Be6 {[%clk 0:33:47]} 18. Ne3
{[%clk 1:12:41]} Nc6 {[%clk 0:27:51]} 19. g3 {[%clk 1:10:13]} Ne7
{[%clk 0:26:29]} 20. f4 {[%clk 1:00:58]} f5 {[%clk 0:23:22]} 21. Bb3
{[%clk 0:59:51]} d5 {[%clk 0:21:00]} 22. exf5 {[%clk 0:37:11]} gxf5
{[%clk 0:21:16]} 23. gxf5 {[%clk 0:34:46]} Nxf5 {[%clk 0:21:31]} 24. Qf3
{[%clk 0:30:09]} c4 {[%clk 0:19:44]} 25. dxc4 {[%clk 0:30:07]} bxc4
{[%clk 0:18:57]} 26. Bc2 {[%clk 0:29:32]} e4 {[%clk 0:18:26]} 27. Qf2
{[%clk 0:28:39]} Qd7 {[%clk 0:14:39]} 28. a5 {[%clk 0:27:17]} Qf7
{[%clk 0:14:13]} 29. Bd1 {[%clk 0:22:44]} Kh8 {[%clk 0:13:38]} 30. Kg2
{[%clk 0:21:17]} Rg8 {[%clk 0:13:33]} 31. Nxf5 {[%clk 0:20:54]} Qxf5
{[%clk 0:11:39]} 32. Rh1 {[%clk 0:20:45]} Qf7 {[%clk 0:10:56]} 33. Bh5
{[%clk 0:20:35]} Qf5 {[%clk 0:07:55]} 34. Be3 {[%clk 0:16:31]} Rab8
{[%clk 0:05:46]} 35. Bb6 {[%clk 0:14:26]} Rb7 {[%clk 0:05:17]} 36. Rh2
{[%clk 0:13:19]} Bf6 {[%clk 0:02:31]} 37. Rah1 {[%clk 0:09:40]} Rbg7
{[%clk 0:02:29]} 38. g4 {[%clk 0:09:08]} Rxg4+ {[%clk 0:01:49]} 39. Bxg4
{[%clk 0:09:27]} Rxg4+ {[%clk 0:02:10]} 40. Kf1 {[%clk 0:09:12]} Rxf4
{[%clk 0:02:29]} 41. Rxh7+ {[%clk 0:07:02]} Kg8 {[%clk 0:02:41]} 0-1

[Event "Kandidatklassen"]
[Site "?"]
[Date "2018.03.30"]
[Round "4.7"]
[White "Le Besq (2058), Alexander"]
[Black "Haubro (2376), IM Martin"]
[Result "0-1"]
[BlackElo "2376"]
[WhiteElo "2056"]
[LiveChessVersion "1.4.8"]

1. e4 {[%clk 1:30:58]} e6 {[%clk 1:30:56]} 2. d4 {[%clk 1:31:14]} d5
{[%clk 1:31:22]} 3. Nd2 {[%clk 1:31:20]} Nf6 {[%clk 1:31:47]} 4. e5
{[%clk 1:31:39]} Nfd7 {[%clk 1:32:13]} 5. Bd3 {[%clk 1:32:05]} c5
{[%clk 1:32:40]} 6. c3 {[%clk 1:32:31]} Nc6 {[%clk 1:33:06]} 7. Ne2
{[%clk 1:32:44]} cxd4 {[%clk 1:33:31]} 8. cxd4 {[%clk 1:33:10]} f6
{[%clk 1:33:56]} 9. exf6 {[%clk 1:31:52]} Nxf6 {[%clk 1:34:16]} 10. Nf3
{[%clk 1:32:01]} Qc7 {[%clk 1:34:04]} 11. O-O {[%clk 1:29:10]} Bd6
{[%clk 1:34:17]} 12. Re1 {[%clk 1:27:05]} O-O {[%clk 1:33:32]} 13. Ng3
{[%clk 1:19:12]} e5 {[%clk 1:18:22]} 14. dxe5 {[%clk 1:19:32]} Nxe5
{[%clk 1:18:47]} 15. Nxe5 {[%clk 1:17:20]} Bxe5 {[%clk 1:19:11]} 16. Qb3
{[%clk 1:10:29]} Be6 {[%clk 1:01:48]} 17. Qc2 {[%clk 0:41:59]} Rfe8
{[%clk 0:55:45]} 18. Qxc7 {[%clk 0:38:43]} Bxc7 {[%clk 0:56:11]} 19. Bg5
{[%clk 0:35:18]} Ba5 {[%clk 0:50:02]} 20. Re2 {[%clk 0:31:55]} Bg4
{[%clk 0:32:04]} 21. Rxe8+ {[%clk 0:32:15]} Rxe8 {[%clk 0:32:29]} 22. Bxf6
{[%clk 0:31:40]} gxf6 {[%clk 0:32:55]} 23. Bb5 {[%clk 0:23:01]} Rd8
{[%clk 0:25:48]} 24. h3 {[%clk 0:21:54]} Be6 {[%clk 0:26:13]} 25. Kf1
{[%clk 0:16:04]} Bf7 {[%clk 0:25:07]} 26. Bd3 {[%clk 0:14:48]} Bc7
{[%clk 0:25:26]} 27. Nf5 {[%clk 0:12:49]} Kf8 {[%clk 0:25:51]} 28. Nh4
{[%clk 0:12:27]} Bg8 {[%clk 0:25:42]} 29. Rc1 {[%clk 0:12:28]} Be5
{[%clk 0:25:39]} 30. Ke2 {[%clk 0:11:45]} Re8 {[%clk 0:24:47]} 31. Kf1
{[%clk 0:11:08]} Bxb2 {[%clk 0:18:24]} 32. Rc7 {[%clk 0:11:20]} d4
{[%clk 0:18:49]} 33. Rxb7 {[%clk 0:09:26]} Bc3 {[%clk 0:19:15]} 34. Nf3
{[%clk 0:09:39]} Re7 {[%clk 0:18:20]} 35. Rxe7 {[%clk 0:06:50]} Kxe7
{[%clk 0:18:45]} 36. a4 {[%clk 0:05:49]} Kd6 {[%clk 0:12:29]} 37. a5
{[%clk 0:04:15]} Kc5 {[%clk 0:12:49]} 38. a6 {[%clk 0:04:08]} Be6
{[%clk 0:04:42]} 39. g4 {[%clk 0:02:41]} h6 {[%clk 0:03:37]} 40. Ke2
{[%clk 0:02:42]} Ba5 {[%clk 0:02:36]} 41. Nh4 {[%clk 0:21:15]} Bc7
{[%clk 0:32:04]} 42. Nf5 {[%clk 0:20:07]} Bf4 {[%clk 0:32:29]} 43. Kf3
{[%clk 0:20:00]} Bc1 {[%clk 0:32:49]} 44. Ng3 {[%clk 0:19:10]} Kb4
{[%clk 0:26:19]} 45. Ke4 {[%clk 0:17:58]} Kc5 {[%clk 0:25:28]} 46. Nh5
{[%clk 0:14:07]} Bg5 {[%clk 0:22:48]} 47. Nf4 {[%clk 0:08:10]} Bxf4
{[%clk 0:14:22]} 48. Kxf4 {[%clk 0:08:38]} Kb4 {[%clk 0:14:46]} 49. Ke4
{[%clk 0:08:21]} Kc3 {[%clk 0:15:11]} 50. Bb1 {[%clk 0:05:11]} Bc4
{[%clk 0:14:35]} 51. f4 {[%clk 0:04:15]} d3 {[%clk 0:09:13]} 52. Bxd3
{[%clk 0:04:34]} Bxd3+ {[%clk 0:09:40]} 53. Kd5 {[%clk 0:03:08]} Bxa6
{[%clk 0:10:05]} 54. Ke6 {[%clk 0:01:40]} Bc4+ {[%clk 0:10:31]} 55. Kxf6
{[%clk 0:02:03]} a5 {[%clk 0:10:59]} 56. Kg6 {[%clk 0:02:12]} a4 {[%clk 0:11:24]}
57. Kxh6 {[%clk 0:02:37]} a3 {[%clk 0:11:51]} 58. g5 {[%clk 0:02:18]} a2
{[%clk 0:12:17]} 59. g6 {[%clk 0:01:59]} a1=Q {[%clk 0:12:42]} 60. f5
{[%clk 0:02:17]} Kd3 61. Kh7 {[%clk 0:01:25]} Qf6 {[%clk 0:12:54]} 62. h4
{[%clk 0:01:33]} Qxf5 {[%clk 0:12:11]} 0-1

[Event "Kandidatklassen"]
[Site "?"]
[Date "2018.03.30"]
[Round "4.8"]
[White "Stentebjerg-Hansen (2231), Per"]
[Black "Fredericia Nilssen (2044), Ellen"]
[Result "1/2-1/2"]
[BlackElo "2044"]
[WhiteElo "2231"]
[LiveChessVersion "1.4.8"]

1. d4 {[%clk 1:30:51]} e6 {[%clk 1:30:51]} 2. e4 {[%clk 1:30:51]} d5
{[%clk 1:31:14]} 3. Nd2 {[%clk 1:30:40]} Be7 {[%clk 1:31:37]} 4. Ngf3
{[%clk 1:30:29]} Nf6 {[%clk 1:31:59]} 5. Bd3 {[%clk 1:12:19]} c5 {[%clk 1:32:16]}
6. exd5 {[%clk 1:10:31]} Qxd5 {[%clk 1:32:24]} 7. dxc5 {[%clk 1:08:16]} a5
{[%clk 1:28:00]} 8. Qe2 {[%clk 1:00:05]} Nbd7 {[%clk 1:18:47]} 9. Bc4
{[%clk 0:52:58]} Qxc5 {[%clk 1:12:55]} 10. Nb3 {[%clk 0:53:12]} Qc7
{[%clk 1:13:09]} 11. Nbd4 {[%clk 0:53:23]} Nb6 {[%clk 1:03:11]} 12. Bd3
{[%clk 0:47:52]} Nbd5 {[%clk 1:00:03]} 13. Nb5 {[%clk 0:47:21]} Qd8
{[%clk 0:56:55]} 14. O-O {[%clk 0:45:40]} O-O {[%clk 0:55:56]} 15. c4
{[%clk 0:41:39]} Nb4 {[%clk 0:53:19]} 16. Bb1 {[%clk 0:41:39]} Bd7
{[%clk 0:49:15]} 17. Rd1 {[%clk 0:37:50]} Qb6 {[%clk 0:46:45]} 18. Be3
{[%clk 0:36:04]} Bc5 {[%clk 0:46:35]} 19. Nbd4 {[%clk 0:31:22]} Nc6
{[%clk 0:37:22]} 20. Bc2 {[%clk 0:29:38]} Nb4 {[%clk 0:33:26]} 21. Bb1
{[%clk 0:28:12]} Nc6 {[%clk 0:33:50]} 22. Bc2 {[%clk 0:24:38]} Nb4
{[%clk 0:34:05]} 23. Bb1 {[%clk 0:24:29]} Nc6 1/2-1/2

[Event "Kandidatklassen"]
[Site "?"]
[Date "2018.03.30"]
[Round "4.9"]
[White "Hartung-Nielsen (2204), Jens"]
[Black "Skaarup (2055), Kasper"]
[Result "0-1"]
[BlackElo "2055"]
[WhiteElo "2204"]
[LiveChessVersion "1.4.8"]

1. Nf3 {[%clk 1:30:57]} Nf6 {[%clk 1:30:53]} 2. d4 {[%clk 1:31:07]} d5
{[%clk 1:31:02]} 3. e3 {[%clk 1:31:27]} Bg4 {[%clk 1:30:43]} 4. c4
{[%clk 1:31:44]} e6 {[%clk 1:29:45]} 5. Qb3 {[%clk 1:31:38]} Qc8 {[%clk 1:29:04]}
6. Ne5 {[%clk 1:31:33]} c6 {[%clk 1:26:05]} 7. Nxg4 {[%clk 1:30:34]} Nxg4
{[%clk 1:26:27]} 8. Be2 {[%clk 1:30:35]} h5 {[%clk 1:25:18]} 9. f3
{[%clk 1:22:16]} Nf6 {[%clk 1:23:05]} 10. Nc3 {[%clk 1:22:22]} Nbd7
{[%clk 1:21:04]} 11. Bd2 {[%clk 1:15:35]} dxc4 {[%clk 1:11:45]} 12. Bxc4
{[%clk 1:13:11]} Nb6 {[%clk 1:12:10]} 13. Be2 {[%clk 1:09:55]} Bd6
{[%clk 1:04:27]} 14. e4 {[%clk 1:00:57]} e5 {[%clk 1:04:52]} 15. dxe5
{[%clk 1:00:42]} Bxe5 {[%clk 1:05:15]} 16. O-O-O {[%clk 1:01:03]} Qc7
{[%clk 1:03:13]} 17. g3 {[%clk 0:58:10]} O-O-O {[%clk 1:02:23]} 18. Bg5
{[%clk 0:51:20]} Rxd1+ {[%clk 0:56:41]} 19. Rxd1 {[%clk 0:51:40]} Nh7
{[%clk 0:54:49]} 20. Be3 {[%clk 0:50:55]} g5 {[%clk 0:54:44]} 21. Rf1
{[%clk 0:42:40]} Re8 {[%clk 0:49:58]} 22. f4 {[%clk 0:32:56]} Bxc3
{[%clk 0:43:39]} 23. Qxc3 {[%clk 0:33:17]} g4 {[%clk 0:43:46]} 24. Bd3
{[%clk 0:24:15]} Nf8 {[%clk 0:34:48]} 25. Bd4 {[%clk 0:14:53]} Ne6
{[%clk 0:32:40]} 26. Be5 {[%clk 0:14:53]} Qe7 {[%clk 0:32:54]} 27. b4
{[%clk 0:12:06]} Nd7 {[%clk 0:31:07]} 28. Bd4 {[%clk 0:08:58]} Nxd4
{[%clk 0:29:28]} 29. Qxd4 {[%clk 0:09:26]} c5 {[%clk 0:29:50]} 30. Qc3
{[%clk 0:07:17]} Kb8 {[%clk 0:30:06]} 31. b5 {[%clk 0:05:33]} c4 {[%clk 0:28:35]}
32. Bc2 {[%clk 0:05:23]} Nc5 {[%clk 0:27:11]} 33. Qe5+ {[%clk 0:04:20]} Qxe5
{[%clk 0:24:52]} 34. fxe5 {[%clk 0:04:46]} Rxe5 {[%clk 0:25:13]} 35. Rxf7
{[%clk 0:05:11]} Nxe4 {[%clk 0:23:53]} 36. a4 {[%clk 0:02:10]} Ng5
{[%clk 0:21:04]} 37. Rf4 {[%clk 0:01:44]} Nf3 {[%clk 0:17:07]} 38. h3
{[%clk 0:01:52]} Re1+ {[%clk 0:17:13]} 39. Kb2 {[%clk 0:01:39]} gxh3
{[%clk 0:17:23]} 40. Bf5 {[%clk 0:00:41]} h2 {[%clk 0:17:32]} 41. Rxc4
{[%clk 0:00:56]} b6 {[%clk 0:17:40]} 42. Rc8+ {[%clk 0:30:19]} Kb7
{[%clk 0:48:36]} 0-1